000 00433nam a2200169Ia 4500
008 240729s9999 xx 000 0 und d
022 _a2619-905X
245 0 _aActa Veterinaria Eurasia
260 _aTürkiye
260 _bAVES
650 _a Animal culture
650 _a Veterinary medicine
650 _aAgriculture
856 _uhttps://doaj.org/toc/8140457b2cd74c1c93aaf32a87b9ef21
942 _2ddc
942 _cDOAJEJ
999 _c68561
_d68561
945 _a1
_bMadushi Gamage
_c1
_dMadushi Gamage